00871nab a2200241uuc4500001000800000005001700008008004100025035001200066035002100078040001300099041000800112100004500120245009500165650003900260650001400299650002000313650003600333650003700369700003700406700003700443700003600480773011300516117927620240529085610.0091117e20091001 spa  a1179276 a(OCoLC)820515410 ccomduadb aspa10aMartín Arribas, Concepción4auteaut10aDetección precoz y atención de los niños con trastornos generalizados del desarrollo aTrastornos del desarrollo infantil 7aAutismo2 7aDiscapacidad 2 7aAtención de enfermería2dcs aServicios de atención en salud10aGarcia Primo, Patricia4auteaut10aBoada Muñoz, Leticia4auteaut10aGarcia Andres, Esther4auteaut0 tMetas de Enfermería (España)gVolumen 12, Número 08, Octubre 2009, p. 62-67w596371x1138-72620156710